PSYCHOLOGY EXPRESS: STATISTICS IN PSYCHOLOGY (Record no. 26848)

MARC details
000 -LEADER
fixed length control field 00420nam a22001697a 4500
003 - CONTROL NUMBER IDENTIFIER
control field SGT
020 ## - INTERNATIONAL STANDARD BOOK NUMBER
International Standard Book Number 9789332516892
082 ## - DEWEY DECIMAL CLASSIFICATION NUMBER
Classification number 150
Item number P13S
100 ## - MAIN ENTRY--PERSONAL NAME
Personal name STEELE, CATHERINE
245 ## - TITLE STATEMENT
Title PSYCHOLOGY EXPRESS: STATISTICS IN PSYCHOLOGY
250 ## - EDITION STATEMENT
Edition statement 1ST
260 ## - PUBLICATION, DISTRIBUTION, ETC. (IMPRINT)
Place of publication, distribution, etc INDIA
Name of publisher, distributor, etc PEARSON PUB
Year of Publication 2013
300 ## - PAGE DESCRIPTION
No. of Pages 180
650 ## - SUBJECT ADDED ENTRY--TOPICAL TERM
Topical term or geographic name as entry element PSYCHOLOGY
653 ## - KEYWORDS--INDEX TERM
Keyword term PSYCHOLOGY EXPRESS: STATISTICS IN PSYCHOLOGY
942 ## - ADDED ENTRY ELEMENTS (KOHA)
Source of classification or shelving scheme Dewey Decimal Classification
Koha item type Books
942 ## - ADDED ENTRY ELEMENTS (KOHA)
-- 1
Holdings
Withdrawn status Lost status Source of classification or shelving scheme Damaged status Not for loan Collection code Home library Current library Shelving location Date acquired Vendor Name Cost, normal purchase price SGTU Bill Number Full call number Accession No. (Barcode) Date last seen Bill Date Koha item type Total Checkouts Date last borrowed
    Dewey Decimal Classification   Not For Loan MEDICAL SGT Medical Library SGT Medical Library Reference Book 29/08/2024 SAVERA BOOK DISTRIBUTORS 385.00 SGTU 24-24/CRB/186 150 P13S FM14438 29/08/2024 25/06/2024 Books    
    Dewey Decimal Classification     MEDICAL SGT Medical Library SGT Medical Library Text Book 29/08/2024 SAVERA BOOK DISTRIBUTORS 385.00 SGTU 24-24/CRB/186 150 P13S FM14439 11/01/2025 25/06/2024 Books 1 30/11/2024
    Dewey Decimal Classification     MEDICAL SGT Medical Library SGT Medical Library Text Book 29/08/2024 SAVERA BOOK DISTRIBUTORS 385.00 SGTU 24-24/CRB/186 150 P13S FM14440 29/08/2024 25/06/2024 Books